|
|
|
|
| LEADER |
02016nem a22004812a 4500 |
| 001 |
mzk03001052318 |
| 003 |
CZ BrMZK |
| 005 |
20110121130605.0 |
| 007 |
aj|ca||| |
| 008 |
070712s1751 xo ij|||||a|||r|0|||latod |
| 034 |
1 |
|
|a a
|b 2600000
|d E0162200
|e E0203000
|f N0491000
|g N0444900
|
| 040 |
|
|
|a BOA001
|b cze
|
| 043 |
|
|
|a e-hu---
|
| 072 |
|
7 |
|a 912:904
|x Staré mapy
|2 Konspekt
|9 7
|
| 080 |
|
|
|a (084.3)
|2 MRF
|
| 080 |
|
|
|a (439)
|2 MRF
|
| 080 |
|
|
|a 912.43:069.5
|2 MRF
|
| 100 |
1 |
|
|a Tomka Szászky, János,
|d 1692-1762
|7 uk2007398932
|4 aut
|
| 245 |
1 |
0 |
|a [Regni Hungariae]
|h [kartografický dokument],
|p Circvlvs II Transdanvbianvs in Comitatus XIII divisus
|
| 246 |
3 |
0 |
|a Circvlvs II Transdanvbianvs in Comitatus XIII divisus
|h [kartografický dokument]
|
| 246 |
3 |
3 |
|a Circulus II Transdanubianus in Comitatus XIII divisus
|h [kartografický dokument]
|
| 255 |
|
|
|a Měřítko [ca 1:2 600 000]
|c (016°22´00" v.d.--020°30´00" v.d./049°10´00" s.š.--044°49´00" s.š.)
|
| 260 |
|
|
|a Posonij :
|b [s.n.],
|c 1751
|
| 300 |
|
|
|a 1 mapa :
|b mědirytina, ručně kolorovaná ;
|c 15 x 19 cm na listu 22 x 30,5 cm
|
| 500 |
|
|
|a Přívazek 3 k 1. dílu téhož titulu
|
| 500 |
|
|
|a Součást souboru map nalepených na jednom listě
|
| 510 |
3 |
|
|a IKAR
|
| 510 |
3 |
|
|a OSZK
|
| 510 |
4 |
|
|a Kuchař, K. Mapová sbírka B.P. Molla,
|c s. 322
|
| 655 |
|
7 |
|a historické mapy
|7 fd186723
|2 czenas
|
| 650 |
0 |
4 |
|a Mollova mapová sbírka
|
| 650 |
0 |
7 |
|a mapové sbírky
|z Česko
|7 ph182407
|2 czenas
|
| 610 |
2 |
7 |
|a Moravská zemská knihovna (Brno, Česko).
|b Mapová sbírka B.P. Molla
|7 mzk2005304487
|2 czenas
|
| 651 |
|
7 |
|a Uhersko
|7 ge311057
|2 czenas
|
| 856 |
4 |
1 |
|u http://mapy.mzk.cz/mzk03/001/052/318/2619316589_04
|y Digitalizovaný dokument
|
| 903 |
|
|
|a RP
|
| 910 |
|
|
|a BOA001
|b Moll-0003.219,přív.3
|
| 978 |
|
|
|b S.n.
|a Bratislava
|c 1751
|
| 984 |
|
|
|a Bratislava
|b Slovensko
|
| 985 |
|
|
|a 1751-1800
|
| 990 |
|
|
|a MP
|
| 991 |
|
|
|k mzk
|
| 994 |
|
|
|a UP
|l MZK03
|b 001052309
|m přívazek 3
|n záznam 1. díla (pro objednání pokračujte kliknutím)
|